| 000 | 00381nam a22001697a 4500 | ||
|---|---|---|---|
| 999 |
_c4370 _d4369 |
||
| 005 | 20210927121308.0 | ||
| 008 | 160628b xxu||||| |||| 00| 0 eng d | ||
| 020 | _a978-0-07-451770-3 | ||
| 041 | _aeng | ||
| 082 | _b10707 | ||
| 100 |
_aMonappa, Arun _96936 |
||
| 245 | _aindustrial Relations | ||
| 260 |
_bTMH _c2009 |
||
| 300 | _a373 | ||
| 650 |
_aManagement _9241 |
||
| 942 | _cBK | ||